000 00715nam a2200205Ia 4500
003 GCL
008 140319s9999 xx 000 0 ara d
040 _aGCL /
_cGCL
082 0 4 _aد
_b050
_bف ت
100 1 _aجمعية فتاة مصر الفتاة
245 1 0 _aفتاة مصر الفتاة :مجلة ادبية علمية اجتماعية شهرية (1921 :1922) 4 مج /
_cجمعية فتاة مصر الفتاة
300 _aمتعدد
490 _aموسوعة عالم الطبخ
_v0
650 0 4 _aالزواج
650 0 4 _aالحياة الاجتماعية
650 0 4 _aمقالات اجتماعية
650 0 4 _aمقالات
650 0 4 _aالمقالات - مجموعات
942 _2ddc
_cCF
999 _c27116
_d27116